| 000 | 00939nam a2200241Ia 4500 | ||
|---|---|---|---|
| 001 | 7798 | ||
| 003 | GE_BSU | ||
| 008 | 181216s||||||||xx |||||||||||||| ||und|| | ||
| 040 | _cGE_BSU | ||
| 080 | _a656.25(075.32) | ||
| 100 | _aКазаков,Е.А. Давыдовский,В.М. казаков,Е.А. | ||
| 245 | _aУстроиства автоматики, телемеханики и связи на железнодорожном транспорте. | ||
| 245 | _bУчебник. | ||
| 245 | _cРед.:В.В.Кончаков, Т.В.Бирюкова. | ||
| 250 | _aИзд 6-ое, перераб. и дополн. | ||
| 260 | _aМ. | ||
| 260 | _bТранспорт. | ||
| 260 | _c1978. | ||
| 300 | _a383 стр. с илл. 22 см. | ||
| 300 | _eтабл. | ||
| 653 | _aУстроиства автоматики, телемеханики и связи на железнодорожном транспорте. | ||
| 942 | _cBK | ||
| 999 |
_c41148 _d41148 |
||